Lobo. Mobydyk a další příběhy /

Pět komiksových příběhů se známým drsňákem Lobem v hlavní roli.

Hlavní autor: Grant, Alan, 1949-2022
Další autoři: Critchlow, Carl, 1963-, Horley, Alex, 1970-, Olivetti, Ariel, 1967-, Šmíd, Darek, 1977-
Jazyk: Čeština
Vydáno: [Praha] : Crew, 2024
Vydání: První vydání
Témata:
Fyzický popis: 146 nečíslovaných stran : barevné ilustrace ; 26 cm
Language note: Český text
Knihy
Uloženo v:
LEADER 02956nam a2200577 i 4500
001 nkc20243629211
003 CZ PrNK
005 20241202170300.0
007 ta
008 240904s2024 xr a g 6 000 1 cze
015 |a cnb003629211 
020 |a 978-80-7679-616-4  |q (brožováno) 
035 |a (OCoLC)1477945582 
040 |a ABG001  |b cze  |e rda 
041 1 |a cze  |h eng 
072 7 |a 741.52  |x Komiksy. Komiksové adaptace  |2 Konspekt  |9 21 
080 |a 741.52(0:82-322.9)  |2 MRF 
080 |a 741.52(0:82-321.5)  |2 MRF 
080 |a 741.52(0:82-321.9)  |2 MRF 
100 1 |a Grant, Alan,  |d 1949-2022  |7 jn20000602294  |4 aut 
240 1 0 |a Lobo.  |l Česky 
245 1 0 |a Lobo.  |p Mobydyk a další příběhy /  |c scénář : Alan Grant ; překlad z angličtiny: Darek Šmíd 
246 3 0 |a Mobydyk a další příběhy 
250 |a První vydání 
264 1 |a [Praha] :  |b Crew,  |c 2024 
300 |a 146 nečíslovaných stran :  |b barevné ilustrace ;  |c 26 cm 
336 |a text  |b txt  |2 rdacontent 
336 |a statický obraz  |b sti  |2 rdacontent 
337 |a bez média  |b n  |2 rdamedia 
338 |a svazek  |b nc  |2 rdacarrier 
500 |a Na obálce uvedeno logo původního nakladatelství: DC 
505 0 0 |t Jak vytrhnout velrybě pajšl /  |r scénář: Alan Grant ; kresba: Carl Critchlow --  |t Přátelé /  |r scénář: Alan Grant ; kresba: Alex Horley --  |t Tanec zmrti /  |r scénář: Alan Grant, kresba: Ariel Olivetti --  |t Pozor! Musíme to popravit /  |r scénář: Alan Grant ; kresba: Carl Critchlow --  |t Surfujeme na bohovlně /  |r scénář: Alan Grant ; kresba Carl Critchlow 
520 2 |a Pět komiksových příběhů se známým drsňákem Lobem v hlavní roli.  |b Zrovna teď nemá Velkej šéf alias Lobo moc důvodů ke smířlivosti. Nejdřív ho najmou na pirátskou kocábku - ovšem tak trochu proti jeho vůli. Tohle bude pořádná tsunami (krve a vnitřností). Pokračuje to úkolem, který se týká přímo života jeho nejlepšího kámoše... takže je to osobní! Načež si Lobo zatancuje tango a bude přitom pořádně dupat. Což je všechno pouhá rozcvička před zběsilou zakázkou na ozbrojené batole. Nakladatelská anotace. Kráceno. 
546 |a Český text 
655 7 |a superhrdinské komiksy  |7 fd1057488  |2 czenas 
655 7 |a humoristické komiksy  |7 fd1057480  |2 czenas 
655 7 |a sci-fi komiksy  |7 fd1057483  |2 czenas 
655 9 |a superhero comics  |2 eczenas 
655 9 |a humorous comics  |2 eczenas 
655 9 |a science fiction comics  |2 eczenas 
700 1 |a Critchlow, Carl,  |d 1963-  |7 jo2013743630  |4 ill 
700 1 |a Horley, Alex,  |d 1970-  |7 xx0214420  |4 ill 
700 1 |a Olivetti, Ariel,  |d 1967-  |7 xx0258335  |4 ill 
700 1 |a Šmíd, Darek,  |d 1977-  |7 xx0103109  |4 trl 
787 0 8 |i Z cyklu:  |t Lobo 
910 2 |a BOA001  |b 3-1534.019 
920 |a 5010005  |z ABG001 
990 |a BK 
995 |a 01 
991 |b 202410  |c NOV 
996 6 |b 2610982675  |c 3-1534.019  |l MZK  |r Sklad / do 1 hodiny  |n 0  |p p.v.  |w 001980697  |u 000010  |a 1  |e BOA001  |j MZK50  |s P